| 000 | 00996cam a2200277 a 4500 | ||
|---|---|---|---|
| 999 |
_c233292 _d233292 |
||
| 001 | 2350924 | ||
| 003 | Nust | ||
| 005 | 20170306151434.0 | ||
| 008 | 830809s1984 maua b 000 0 eng | ||
| 010 | _a 83017541 | ||
| 020 | _a978-0-86542-889-8 | ||
| 040 |
_aDLC _cASAB _dDLC |
||
| 050 | 0 | 0 |
_aQH371 _b.M75 1984 |
| 082 | 0 | 0 |
_a578 PAG _219 |
| 245 | 0 | 0 |
_aMolecular evolution : _ban annotated reader / _c[edited by] E.A. Terzaghi, A.S. Wilkins, D. Penny. |
| 260 |
_aBoston : _bJones and Bartlett, _cc1984. |
||
| 300 |
_axiii, 346 p. : _bill. ; _c29 cm. |
||
| 490 | 1 | _aA Series of books in biology | |
| 504 | _aBibliography: p. 373-388. | ||
| 650 | 0 | _aMolecular evolution. | |
| 700 | 1 |
_aTerzaghi, E. A. _q(Eric A.), _d1936- |
|
| 700 | 1 |
_aWilkins, A. S. _q(Adam S.), _d1945- |
|
| 700 | 1 |
_aPenny, D. _q(David), _d1938- |
|
| 830 | 0 | _aSeries of books in biology (Jones and Bartlett) | |
| 906 |
_a7 _bcbc _corignew _d1 _eocip _f19 _gy-gencatlg |
||
| 942 |
_2ddc _cBK |
||